| Tag |
First Indicator |
Second Indicator |
Subfields |
| LEADER |
00000cam a2200000 i 4500 |
| 001 |
in00000023378 |
| 005 |
20151007064414.0 |
| 008 |
791220s1978 cau b 10110 eng |
| 010 |
|
|
|a 79112324
|
| 020 |
|
|
|a 0877030936
|
| 035 |
|
|
|a (OCoLC)05941708
|
| 035 |
|
|
|9 AAD9759AM
|
| 040 |
|
|
|a DLC
|c DLC
|d TXA
|d UtOrBLW
|
| 049 |
|
|
|a TXAM
|c [1558824]
|
| 050 |
0 |
0 |
|a T174.3
|b .A17 1977
|
| 082 |
0 |
|
|a 338.4/76291/0973
|
| 111 |
2 |
|
|a AAS Goddard Memorial Symposium
|n (15th :
|d 1977)
|
| 245 |
1 |
0 |
|a Export of aerospace technology /
|c 15th Goddard Memorial Symposium ; edited by Carl H. Tross ; cosponsored by American Institute of Aeronautics and Astronautics, Institute of Electrical and Electronics Engineers, National Space Club.
|
| 264 |
|
1 |
|a San Diego :
|b Published for the American Astronautical Society by Univelt,
|c [1978]
|
| 264 |
|
4 |
|c ©1978
|
| 300 |
|
|
|a xi, 161 pages ;
|c 26 cm.
|
| 336 |
|
|
|a text
|b txt
|2 rdacontent
|
| 337 |
|
|
|a unmediated
|b n
|2 rdamedia
|
| 338 |
|
|
|a volume
|b nc
|2 rdacarrier
|
| 490 |
1 |
|
|a Science and technology series ; v. 46
|
| 490 |
0 |
|
|a An American Astronautical Society publication
|
| 500 |
|
|
|a Includes index.
|
| 504 |
|
|
|a Bibliography: pages 137-140.
|
| 650 |
|
0 |
|a Technology transfer
|v Congresses.
|
| 650 |
|
0 |
|a Aerospace industries
|x Congresses.
|
| 700 |
1 |
|
|a Tross, Carl H.
|
| 710 |
2 |
|
|a American Institute of Aeronautics and Astronautics.
|
| 710 |
2 |
|
|a Institute of Electrical and Electronics Engineers.
|
| 710 |
2 |
|
|a National Space Club.
|
| 710 |
2 |
|
|a American Astronautical Society.
|
| 830 |
|
0 |
|a AAS science and technology series ;
|v v. 46.
|
| 999 |
|
|
|a MARS
|
| 999 |
f |
f |
|s 7e994ff0-8c57-3a2e-a8e7-bf1ea0f97e27
|i 036faa69-59e1-39e1-aec6-0f3076278e15
|t 0
|
| 952 |
f |
f |
|p ric
|a Texas A&M University
|b Rellis Campus
|c Joint Library Facility
|d Remote Storage
|t 0
|e T174.3 .A17 1977
|h Library of Congress classification
|i unmediated -- volume
|m A14805275259
|
| 998 |
f |
f |
|a T174.3 .A17 1977
|t 0
|l Remote Storage
|